| 000 | 00455nam a2200169 a 4500 | ||
|---|---|---|---|
| 005 | 20140310183148.0 | ||
| 008 | 020826s19uu xx 00 eng d | ||
| 020 | _a0063120046 | ||
| 050 |
_aPR 9619.3 _b.M25 1983 |
||
| 100 | _aMcCullough, Collen | ||
| 245 |
_aThe thorn birds / _cCollen McCullough. |
||
| 260 |
_aNew York ; _bHarper & Row, Publishers, _c1983. |
||
| 300 |
_a525 p. : _c17 cm. |
||
| 650 | _aFiction | ||
| 942 |
_cBK _2lcc |
||
| 999 |
_c19583 _d19583 |
||